| 000 | 00626nam a2200217Ia 4500 | ||
|---|---|---|---|
| 003 | OSt | ||
| 005 | 20241107153457.0 | ||
| 008 | 210210b2008 xxu||||| |||| 00| 0 eng d | ||
| 020 | _a8177132369 | ||
| 040 | _cAL | ||
| 041 | _aKannada | ||
| 082 | _aK894.1 RAMD | ||
| 100 |
_aRAMACHANDRACHAR (D B) _d ರಾಮಚಂದ್ರಾಚಾರ್ (ಡಿ ಬಿ) Tr _9184533 |
||
| 245 |
_aDammapadasara _bದಮ್ಮಪದಸಾರ |
||
| 260 |
_aBengaluru _bKannada Pustaka Pradhikara _c2008 |
||
| 300 | _axiv,90 | ||
| 650 |
_aDammapadasara _9184534 |
||
| 690 |
_aKannada Poetry _9184535 |
||
| 906 | _a064383 | ||
| 942 |
_2ddc _cBK |
||
| 999 |
_c116437 _d116437 |
||